Research methodology : a step-by-step guide for beginners

में बचाया:
ग्रंथसूची विवरण
मुख्य लेखक: Kumar, Ranjit
स्वरूप: पुस्तक
प्रकाशित: Sage
टैग: टैग जोड़ें
कोई टैग नहीं, इस रिकॉर्ड को टैग करने वाले पहले व्यक्ति बनें!

MARC

LEADER 00000nam a2200000Ia 4500
005 20260515061617.0
100 |a Kumar, Ranjit. 
020 |a 9789351501336 
942 |c BK 
245 |a Research methodology : a step-by-step guide for beginners  
260 |b Sage 
999 |c 65  |d 65 
952 |0 0  |1 0  |4 0  |7 0  |a ABDN  |b ABDN  |d 2026-05-15  |l 0  |p 000079  |r 2026-05-15 06:16:17  |w 2026-05-15  |y BK